000 00268nam a22001217a 4500
999 _c162577
_d162577
082 _a
_b
100 _aMurthy A S N
245 _aReligion and society/
_cby Murthy A S N.
260 _aNew Delhi:
_bDiscovery,
_c1991.
300 _a194p.
650 _a
942 _cBK